| 000 | 01918cam a22004577a 4500 | ||
|---|---|---|---|
| 999 |
_c529949 _d529949 |
||
| 001 | 14261337 | ||
| 003 | NUST | ||
| 005 | 20191008095120.0 | ||
| 008 | 060210s2006 dcua b i000 0 eng d | ||
| 010 | _a 2006922158 | ||
| 020 | _a0309097649 (pbk.) | ||
| 035 | _a(CStRLIN)NJRGA2670651-B | ||
| 035 | _a(NjR)a2670651 | ||
| 038 | _aMSOHAIL | ||
| 040 |
_aTRL _cTRL _dTDG _dDLC |
||
| 042 | _alccopycat | ||
| 050 | 0 | 0 |
_aS592.14 _b.S57 2006 |
| 050 | 1 | 4 |
_aTE5091 _b.N283 no. 357 |
| 082 | _a0 | ||
| 100 | 1 |
_aSirles, Phil C. _922989 |
|
| 245 | 1 | 0 |
_aUse of geophysics for transportation projects / _cconsultant, Phil C. Sirles. |
| 260 |
_aWashington, D.C. : _bTransportation Research Board, _cc2006. |
||
| 300 |
_a108 p. : _bill. ; _c28 cm. |
||
| 490 | 1 |
_aNCHRP synthesis, _x0547-5570 ; _v357 |
|
| 500 | _a"Research sponsored by the American Association of State Highway and Transportation Officials in cooperation with the Federal Highway Administration." | ||
| 504 | _aIncludes bibliographical references (p. 33-42). | ||
| 530 | _aAlso available online. | ||
| 650 | 0 |
_aSoil surveys _xGeophysical methods. _922990 |
|
| 650 | 0 |
_aRoads _xSubgrades _xTesting. _922991 |
|
| 650 | 0 |
_aGeophysics. _922992 |
|
| 650 | 0 |
_aGeological surveys. _922993 |
|
| 710 | 2 |
_aNational Cooperative Highway Research Program. _920864 |
|
| 710 | 2 |
_aAmerican Association of State Highway and Transportation Officials. _919553 |
|
| 710 | 2 |
_aNational Research Council (U.S.). _bTransportation Research Board. _922994 |
|
| 830 | 0 |
_aSynthesis of highway practice ; _v357. _922995 |
|
| 856 | 4 | 1 |
_3Table of contents only _uhttp://www.loc.gov/catdir/toc/fy0703/2006922158.html |
| 856 | 4 | 1 | _uhttp://onlinepubs.trb.org/onlinepubs/nchrp/nchrp%5Fsyn%5F357.pdf |
| 906 |
_a7 _bcbc _ccopycat _d2 _encip _f20 _gy-gencatlg |
||
| 942 |
_2ddc _cBK |
||